000 00553nam a2200181Ia 4500
003 GCL
008 140319s9999 xx 000 0 ara d
040 _aGCL /
_cGCL
082 0 4 _a658.3
_bن ا
100 1 _aنبيل الحسينى النجار
245 1 0 _aالادارة اصول واتجاهاتها المعاصرة /
_cنبيل الحسينى النجار
300 _a238
490 _aكتاب
_v0
650 0 4 _aالادارة
650 0 4 _aادارة الافراد
650 0 4 _aادارة وتنظيم الاعمال
942 _2ddc
_cBK
999 _c43170
_d43170